000 00745ngm a22003010a 4500
001 PT19515
003 AR-LpoUNG
005 20210202000310.0
007 vd cvaizq
008 191001s1957||||ag |||||||||||||||||spa d
040 _aAR-LpoUNG
_bspa
_cAR-LpoUNG
_eaacr
041 _aspa
044 _aag
082 0 _a863 86don
100 1 _aKizintsev, Gregori
_edir.
245 1 0 _aDon Quijote
260 _aBuenos Aires :
_bMemories,
_c1957.
300 _aVHS (100 min.) : son., col.
650 4 _aESPAÑA
650 4 _aLITERATURA
650 4 _aNOVELAS
653 _aCERVANTES SAAVEDRA, MIGUEL DE
653 _aLITERATURA ESPAÑOLA
653 _aVIDEOS
700 1 _aCherkasov, Nikolai
_edir.
905 _a19515
942 _cVIDEO
999 _c54553
_d54553